| 000 -LEADER |
| fixed length control field |
00708cam a2200241 a 4500 |
| 001 - CONTROL NUMBER |
| control field |
17816 |
| 003 - CONTROL NUMBER IDENTIFIER |
| control field |
BD-DhUAP |
| 005 - DATE AND TIME OF LATEST TRANSACTION |
| control field |
20200311113748.0 |
| 008 - FIXED-LENGTH DATA ELEMENTS--GENERAL INFORMATION |
| fixed length control field |
200311s20051996nyu b 000 0 eng d |
| 020 ## - INTERNATIONAL STANDARD BOOK NUMBER |
| International Standard Book Number |
1403997993 |
| 020 ## - INTERNATIONAL STANDARD BOOK NUMBER |
| International Standard Book Number |
0333402642 |
| 040 ## - CATALOGING SOURCE |
| Original cataloging agency |
UKM |
| Transcribing agency |
UKM |
| Modifying agency |
BD-DhUAP |
| Language of cataloging |
Eng |
| 082 00 - DEWEY DECIMAL CLASSIFICATION NUMBER |
| Edition number |
23 |
| Classification number |
809.41 MAL |
| 100 ## - MAIN ENTRY--PERSONAL NAME |
| Personal name |
Male, David A. |
| 245 14 - TITLE STATEMENT |
| Title |
The white devil and the Duchess of Malfi by John Webster / |
| Statement of responsibility, etc. |
David A. Male. |
| 260 ## - PUBLICATION, DISTRIBUTION, ETC. |
| Place of publication, distribution, etc. |
New York : |
| Name of publisher, distributor, etc. |
Palgrave macmillan, |
| Date of publication, distribution, etc. |
c1986 [Reprinted 2005]. |
| 300 ## - PHYSICAL DESCRIPTION |
| Extent |
ix, 93 pages ; |
| Dimensions |
20 cm. |
| 600 ## - SUBJECT ADDED ENTRY--PERSONAL NAME |
| Personal name |
Duchess of Malfi (Webster, John). |
| 650 ## - SUBJECT ADDED ENTRY--TOPICAL TERM |
| Topical term or geographic name entry element |
Literature, Modern. |
| 650 ## - SUBJECT ADDED ENTRY--TOPICAL TERM |
| Topical term or geographic name entry element |
British literature. |
| 650 ## - SUBJECT ADDED ENTRY--TOPICAL TERM |
| Topical term or geographic name entry element |
Literature. |
| 942 ## - ADDED ENTRY ELEMENTS (KOHA) |
| Source of classification or shelving scheme |
|
| Koha item type |
Book |